Set Fire To The Rain- Adele (21) - Statistics

General Stats
  • This quiz has been taken 651 times
  • The average score is 327 of 424
Answer Stats
Answer % Correct
I
100%
the
99%
a
98%
fire
98%
to
98%
To
98%
rain
97%
you
97%
You
97%
it
96%
It
96%
set
96%
your
92%
And
91%
and
91%
hear
89%
my
89%
My
89%
When
88%
when
88%
But
84%
was
84%
as
83%
face
83%
heart
82%
in
82%
let
82%
Let
82%
That
82%
that
82%
there
82%
were
82%
we're
82%
burn
81%
me
81%
fall
80%
never
79%
knew
78%
over
78%
they
78%
They
78%
always
76%
games
76%
play
76%
win
76%
too
75%
All
74%
dark
74%
lips
74%
there's
74%
Watched
74%
would
74%
kissed
73%
knees
73%
side
73%
touched
73%
true
73%
out
72%
things
72%
far
71%
hands
71%
say
71%
name
70%
pour
70%
saved
70%
weak
70%
strong
69%
Until
69%
claim
68%
fell
68%
Fell
68%
with
68%
be
67%
Cause
67%
no
67%
arms
66%
for
66%
you'd
65%
stand
62%
screaming
61%
feet
60%
time
60%
last
59%
rose
59%
falling
58%
heard
57%
Without
57%
cried
56%
burned
54%
better
53%
Nothing
53%
eyes
51%
while
51%
Close
50%
forever
50%
stay
50%
together
47%
Well
47%
could
43%
lay
41%
here
40%
by
39%
oh
38%
Oh
38%
Sometimes
38%
up
38%
door
37%
Even
37%
already
36%
can't
36%
into
36%
something
36%
flames
35%
waiting
35%
wake
35%
Feel
34%
us
34%
looking
32%
now
32%
died
30%
gets
30%
help
30%
must
30%
myself
30%
from
29%
threw
26%
caught
14%
No matching quizzes found
Score Distribution
Percent of People with Each Score
Percentile by Number Answered
Your Score History
You have not taken this quiz